Представление документа в формате MARC21

ПолеНазваниеЗначение
  Тип записи a
  Библиографический уровень m
001 Контрольный номер RU\infra-m\znanium\bibl\2220203
005 Дата корректировки 20260429142145.8
008 Кодируемые данные 260427s2026 RU g rus u
020 Индекс ISBN __
a ISBN 978-5-16-018002-1
020 Индекс ISBN __
a ISBN 978-5-16-111007-2 (электр. издание)
040 Источник каталогиз. __
a Служба первич. каталог. Общество с ограниченной ответственностью «ЗНАНИУМ»
041 Код языка издания __
a Код языка текста rus
044 Код страны публикации __
a Код страны публикации RU
080 Индекс УДК __
a Индекс УДК 623.438.3(075.8)
084 Индекс другой классификации/Индекс ББК __
2 Источник индекса rubbk
a Индекс другой классификации/Индекс ББК 68.513.1я73
084 Индекс другой классификации/Индекс ББК __
2 Источник индекса okso
a Индекс другой классификации/Индекс ББК 23.03.02
084 Индекс другой классификации/Индекс ББК __
2 Источник индекса okso
a Индекс другой классификации/Индекс ББК 23.04.02
084 Индекс другой классификации/Индекс ББК __
2 Источник индекса okso
a Индекс другой классификации/Индекс ББК 56.04.03
100 Автор __
a Автор Лепешинский И.Ю.
q Полное имя Лепешинский Игорь Юрьевич
u Дополнение Омский государственный технический университет
245 Заглавие __
a Заглавие Устройство базовых машин бронетанковой техники. В 2 ч. Часть 2
b Продолж. заглавия Учебник
c Ответственность Омский государственный технический университет
250 Сведения об издании __
a Основные сведения об издании 1
260 Выходные данные __
a Место издания Москва
b Издательство ООО "Научно-издательский центр ИНФРА-М"
c Дата издания 2026
300 Физическое описание __
a Объем 312 с.
440 Серия __
a Серия Военное образование (ОмГТУ)
520 Аннотация __
a Аннотация Учебник состоит из двух частей. В нем рассмотрены устройство и конструкция образцов отечественного бронетанкового вооружения н техники. Во второй части изложены вопросы устройства и обслуживания ходовой части электро- и специального оборудования бронетанковой техники. Может быть использован для подготовки курсантов военных учебных заведений и студентов военных учебных центров а также офицеров танковых войск в системе профессионально-должностной подготовки.
521 Примеч. о цел. назн. __
a Примеч. о целев. назн. Профессиональное образование
650 Тематические рубрики __
a Основная рубрика Военное дело. Оружие. Спецслужбы
x Основная подрубрика Гусеничная военная техника
655 Указ. предметных рубрик (устаревшее) __
a Жанр/ форма (устаревшее) Учебник
700 Другие авторы __
a Другие авторы Погодаев Д.В.
q Полное имя Погодаев Денис Викторович
u Дополнение Омский государственный технический университет
700 Другие авторы __
a Другие авторы Крюков К.С.
q Полное имя Крюков Константин Сергеевич
u Дополнение Омский государственный технический университет
700 Другие авторы __
a Другие авторы Ануфриев Е.В.
u Дополнение Омский государственный технический университет
700 Другие авторы __
a Другие авторы Кудрявцев И.А.
u Дополнение Омский государственный технический университет
700 Другие авторы __
a Другие авторы Кардашев И.Ю.
700 Другие авторы __
a Другие авторы Пепеляев А.В.
q Полное имя Пепеляев Алексей Вениаминович
u Дополнение Омский государственный технический университет
700 Другие авторы __
a Другие авторы Герасимов С.Д.
q Полное имя Герасимов Сергей Дмитриевич
u Дополнение Омский государственный технический университет
700 Другие авторы __
a Другие авторы Ядров В.И.
q Полное имя Ядров Виктор Иванович
u Дополнение Омский государственный технический университет
700 Другие авторы __
a Другие авторы Костин К.В.
700 Другие авторы __
a Другие авторы Беликов В.В.
u Дополнение Омский государственный технический университет
856 Электронный адрес документа 4_
a Имя сервера/домена znanium.ru
m Помощь ebs_support@infra-m.ru
n Местонахождение сервера НИЦ ИНФРА-М
u URL https://znanium.ru/catalog/document?id=476914
856 Электронный адрес документа 48
a Имя сервера/домена znanium.ru
d Путь /cover/2220
f Электронное имя 2220203.jpg
q Тип электронного формата image/jpeg
u URL https://znanium.ru/cover/2220/2220203.jpg
911 __
u 0030=https://znanium.ru/catalog/document?id=476914